Mi ofrenda (Record no. 163770)

MARC details
000 -LEADER
campo de control de longitud fija 00970nam a22001935i 4500
001 - NÚMERO DE CONTROL
campo de control 163770
003 - IDENTIFICADOR DE NÚMERO DE CONTROL
campo de control ES-MaACL
005 - FECHA Y HORA DE LA ÚLTIMA TRANSACCIÓN
campo de control 20230906212816.0
008 - DATOS DE LONGITUD FIJA--INFORMACIÓN GENERAL
campo de control de longitud fija 050719s1880 xx | |||||||| ||spa d
040 ## - FUENTE DE CATALOGACIÓN
Centro catalogador/agencia de origen CAM
Lengua de catalogación spa
Centro/agencia transcriptor CAM
100 1# - ENTRADA PRINCIPAL--NOMBRE DE PERSONA
Nombre de persona Rodríguez de Tió, Lola.
9 (RLIN) 98475
245 10 - MENCIÓN DEL TÍTULO
Título Mi ofrenda
Resto del título : poesía dedicada al Gabinete de Lectura Ponceño con motivo de la Velada Literaria iniciada en honor del ... poeta puertoriqueño D. José Gautier Benítez /
Mención de responsabilidad, etc. por Lola Rodríguez de Tió.
260 ## - PUBLICACIÓN, DISTRIBUCIÓN, ETC.
Lugar de publicación, distribución, etc. [S.l. :
Nombre del editor, distribuidor, etc. s.n.,
Fecha de publicación, distribución, etc. s.a.]
300 ## - DESCRIPCIÓN FÍSICA
Extensión [7] h. ;
Dimensiones 27 cm.
594 ## - Nota al título y mención de responsabilidad
Nota al título y mención de responsabilidad Hay tres anteps. con el tít. repartido entre las tres: "Homenaje de la ciudad de San Germán/a la memoria del inspirado cantor de Puerto-Rico/al gabinete de lectura ponceño"
596 ## - NOTA AL PIE DE IMPRENTA
NOTA AL PIE DE IMPRENTA En ded. ms. de la autora consta: San Germán, 1880.
600 04 - PUNTO DE ACCESO ADICIONAL DE MATERIA--NOMBRE DE PERSONA
Nombre de persona Gautier Benítez, José.
9 (RLIN) 56056
852 ## - LOCALIZACIÓN
Ubicación ES-MaACL
Número de control de estantería T-327-F-1
Nota libre -- Enc. hol., falto de la cub. original
-- -- Enc. en un vol. facticio
Holdings
Estatus retirado Estado de pérdida Estado de daño No para préstamo Colección Biblioteca de origen Biblioteca actual Ubicación en estantería Fecha de adquisición Total de préstamos Signatura topográfica completa Código de barras Visto por última vez Precio de reemplazo Tipo de ítem Koha
        Colección de folletos Biblioteca del Ateneo de Madrid Biblioteca del Ateneo de Madrid Depósito folletos 17/01/2008   T-327-F-1 1171628 23/02/2023 23/02/2023 Folleto